000 00245nam a2200097Ia 4500
001 1121111
005 20250827004637.0
008 250824s9999 xx 000 0 und d
245 0 _aLAKLE DEVRİ
_cAHMET REFİK ALTINAY
260 _bPANAMA YAYINLARI
999 _c1121111
_d1121111